000 00712nam a2200277Ia 4500
005 20260324111515.0
008 008 260324s9999 xx 000 0 eng d
020 _a9781032660714
037 _aEBOOK
040 _aCRL
040 _beng
040 _cCRL
041 _2eng
041 _aeng
084 _qCRL
100 _aMonika Khandelwal; Saiyed Umer; Ranjeet Kumar Rout; Smitarani Pati
_91138845
245 0 _aComputational Techniques for Biological Sequence Analysis
260 _bTaylor and Francis
260 _c2025
365 _a
365 _b225
856 _uhttp://www.taylorfrancis.com/books/9781032660714
942 _cEBOOK
999 _c1727696
_d1727696